00461nam a2200157 a 450000100060000000300090000600800410001504000280005608200170008410000290010124500570013026000450018730000100023265000270024265000340026910314CO-ViMGA141112s2004 ck r 000 u spa d aCO-ViMGAbspacCO-ViMGA04a329.986 R1511 aRamirez Aljure ; Jorge, 10aLiberalismo : bIdeologia y Clientelismo 1957 - 1986 aBogotá : bFotolito Inter 2000, c1986 a138p.14aLIBERALISMO - COLOMBIA14aPARTIDOS POLITICOS - COLOMBIA